[Event "30th World Open"]
[Site "Philadelphia USA"]
[Date "2002.07.01"]
[Round "3"]
[White "Mulyar,M"]
[Black "Friedman,J"]
[Result "1-0"]
[WhiteElo "2434"]
[BlackElo "2160"]

1.e4 c5 2.Nf3 Nc6 3.Bb5 e6 4.Bxc6 bxc6 5.d3 d5 6.O-O Nf6 7.e5 Nd7 8.c4 Be7
9.Re1 O-O 10.Nbd2 Qc7 11.Qe2 Kh8 12.Nf1 f6 13.Bf4 fxe5 14.Bxe5 Nxe5 15.Nxe5 Bf6
16.Nd2 Bd7 17.Nb3 Rae8 18.Nxc5 Bc8 19.d4 a5 20.Rac1 Kg8 21.b3 Qd6 22.Rcd1 Bd8
23.Rd3 Rf4 24.Rh3 Ref8 25.Qc2 Bh4 26.Nf3 g5 27.Nd3 e5 28.Nxf4 e4 29.Rxh4 gxh4
30.Ne5  1-0

[Event "II Open"]
[Site "St Chely d'Aubrac FRA"]
[Date "2002.07.01"]
[Round "5"]
[White "Belkhodja,S"]
[Black "Apicella,M"]
[Result "1-0"]
[WhiteElo "2506"]
[BlackElo "2513"]

1.e4 c5 2.Nf3 Nc6 3.Bb5 g6 4.O-O Bg7 5.Re1 Qb6 6.Bxc6 Qxc6 7.Nc3 d6 8.d4 Bg4
9.d5 Qc7 10.h3 Bxf3 11.Qxf3 Nf6 12.a4 O-O 13.Bg5 a6 14.Qe3 Rfe8 15.Qd2 Nd7
16.Bh6 Bh8 17.f4 c4 18.a5 b5 19.axb6 Qxb6+ 20.Kh2 Reb8 21.Ra2 a5 22.Bg5 Kf8
23.Qe2 Qc7 24.Qf3 Bg7 25.Bh4 Nc5 26.Bg3 Na6 27.Re2 Nb4 28.Ra1 Na6 29.e5 f5
30.exf6 Bxf6 31.f5 Kg7 32.Ne4 Nc5 33.Nxf6 exf6 34.Rae1 Rb7 35.Re7+ Qxe7 36.Rxe7+ Rxe7
37.Bxd6 c3 38.b3  1-0

[Event "23rd Open"]
[Site "Bled SLO"]
[Date "2002.07.02"]
[Round "1"]
[White "Palac,M"]
[Black "Sebenik,M"]
[Result "1-0"]
[WhiteElo "2564"]
[BlackElo "2380"]

1.e4 c5 2.Nf3 Nc6 3.Bb5 e6 4.Bxc6 bxc6 5.d3 Ne7 6.h4 f6 7.Be3 d6 8.c3 e5
9.d4 exd4 10.cxd4 d5 11.Nc3 c4 12.Nd2 Be6 13.O-O g6 14.h5 Kf7 15.Qf3 Rg8
16.Rfe1 Qc8 17.e5 Nf5 18.exf6 Bd6 19.Qe2 Kxf6 20.Nf3 gxh5 21.Bg5+ Kf7 22.Qd2 Qc7
23.Ne5+ Kg7 24.Nxc4 Rae8 25.Nxd6 Qxd6 26.Na4 Kf7 27.Bf4 Qd8 28.Nc5 Rxg2+
29.Kxg2 Nh4+ 30.Kh1 Nf3 31.Bg5  1-0

[Event "1st GM"]
[Site "Bogny sur Meuse FRA"]
[Date "2002.07.03"]
[Round "7"]
[White "Kveinys,A"]
[Black "Tirard,H"]
[Result "1-0"]
[WhiteElo "2559"]
[BlackElo "2401"]

1.e4 c5 2.Nf3 Nc6 3.Bb5 e6 4.O-O Nge7 5.Re1 Qb6 6.Ba4 g6 7.c3 Bg7 8.d3 O-O
9.Qe2 d6 10.Na3 h6 11.Be3 e5 12.b4 Qa6 13.Qc2 cxb4 14.Nb5 Qa5 15.Nxd6 bxc3
16.Nc4 Qa6 17.Rab1 Nd4 18.Bxd4 exd4 19.e5 Rd8 20.Re4 Bf5 21.Bb5 Bxe4 22.Bxa6 Bxf3
23.Bxb7 Bxb7 24.Rxb7 Nc6 25.f4 Rab8 26.Rxb8 Rxb8 27.a3 Ne7 28.Kf2 Nd5 29.Kf3 Kh7
30.Ke4 Rd8 31.Qb3 f5+ 32.Kf3 Rc8 33.h4 Nb6 34.Ke2 g5 35.g3 gxf4 36.gxf4 Nd5
37.Kd1 Nxf4 38.Kc2 Rc7 39.Qb8 Re7 40.Qd6 Re6 41.Qxd4 Ng6 42.Qd7  1-0

[Event "Milivoj Petrov Mem"]
[Site "Pancevo YUG"]
[Date "2002.07.03"]
[Round "10"]
[White "Sanduleac,V"]
[Black "Markovic,Milo"]
[Result "1/2-1/2"]
[WhiteElo "2477"]
[BlackElo "2306"]

1.e4 c5 2.Nf3 Nc6 3.Bb5 Qc7 4.O-O a6 5.Bxc6 Qxc6 6.Nc3 e6 7.Re1 Be7 8.d4 cxd4
9.Qxd4 f6 10.a4 Bc5 11.Qd3 b6 12.Nd5 Ne7 13.b4 Bd6 14.b5 Qb7 15.Nxf6+ gxf6
16.Qxd6 axb5 17.Bb2 Rf8 18.axb5 Rxa1 19.Bxa1 Qa7 20.Bd4 Qa4 21.Bxb6 Qxb5
22.Bc5 Rf7 23.Nd4 Qc4 24.Qb6 Ba6 25.Ra1 Nc8 26.Qxa6 Qxc5 27.Nb3 Qxc2 28.Rc1 Qxb3
29.Qxc8+ Ke7 30.Qc5+ Ke8 31.Qd6 Qb7 32.h4 Re7 33.Qf4 Rf7 34.Qd6 Re7 35.Qd3 Rg7
36.g3 Qb8 37.Kg2 Qb7 38.Rb1 Qa8 39.Kh2 Qa7  1/2-1/2

[Event "II Open"]
[Site "St Chely d'Aubrac FRA"]
[Date "2002.07.03"]
[Round "7"]
[White "Belkhodja,S"]
[Black "Moingt,JC"]
[Result "1-0"]
[WhiteElo "2506"]
[BlackElo "2300"]

1.e4 c5 2.Nf3 Nc6 3.Bb5 g6 4.Bxc6 dxc6 5.d3 Bg7 6.h3 Nf6 7.Nc3 Nd7 8.Be3 b6
9.Qd2 e5 10.Bh6 O-O 11.Bxg7 Kxg7 12.Ne2 Re8 13.g4 Nf8 14.Rg1 Qf6 15.Rg3 a5
16.Qc3 Ba6 17.O-O-O Rad8 18.Rdg1 Kg8 19.h4 Qe6 20.b3 a4 21.h5 axb3 22.axb3 Nd7
23.Ng5 Qe7 24.Qd2 c4 25.dxc4 Qa3+ 26.Kb1 Nc5 27.Qc1 Qxc1+ 28.Kxc1 f6 29.Nh3 Nxe4
30.Re3 Nc5 31.Nc3 Bc8 32.hxg6 hxg6 33.f3 Kg7 34.Nf2 Ne6 35.Nfe4 Nd4 36.c5 bxc5
37.Nxc5 g5 38.N3e4 Rh8 39.c3 Ne6 40.Nxe6+ Bxe6 41.Nc5 Bf7 42.Rd1 Rd5 43.Rxd5 Bxd5
44.c4 Bf7 45.Kd2 Rh2+ 46.Kc3 Kf8 47.Kb4 Ke7 48.Ka5 Bg6 49.Kb6 Kd6 50.Ne4+ Bxe4
51.fxe4 Rg2 52.c5+ Kd7 53.Rd3+ Ke7 54.Kxc6 Rxg4 55.Re3 f5 56.exf5 Kf6 57.Kb5 Kxf5
58.c6  1-0

[Event "5th Comtois Masters"]
[Site "Belfort FRA"]
[Date "2002.07.04"]
[Round "7"]
[White "Bauer,Ch"]
[Black "Tregubov,P"]
[Result "1/2-1/2"]
[WhiteElo "2571"]
[BlackElo "2627"]

1.e4 c5 2.Nf3 Nc6 3.Bb5 g6 4.Bxc6 dxc6 5.d3 Bg7 6.h3 Nf6 7.Nc3 Nd7 8.Be3 e5
9.Qd2 h6 10.Ng1 Qe7 11.Nge2 Nf8 12.f4 exf4 13.Nxf4 Ne6 14.O-O Nd4 15.Rae1 O-O
16.Nd1 Kh7 17.Qf2 b6 18.b4 Ba6 19.bxc5 bxc5 20.Qd2 c4 21.c3 Nb5 22.d4 Qa3
23.Qc2 Rad8 24.Bc1 Qa5 25.e5 Nc7 26.e6 Rd6 27.a4 Nxe6 28.Ba3 c5 29.Nxe6 Rxe6
30.Bxc5 Rxe1 31.Rxe1 Rc8 32.Bxa7 Rc7 33.Bc5 Bc8 34.Ne3 Be6 35.Kh1 Rb7 36.Bb4 Qh5
37.Qd2 Rd7 38.Qe2 Qg5 39.a5 h5 40.Qf2 Qb5 41.Qe2 Bxd4 42.cxd4 Qxb4 43.a6 Qa5
44.Rd1 c3 45.Qc2 Bd5 46.Nxd5  1/2-1/2

[Event "IV Shakkinet B"]
[Site "Helsinki FIN"]
[Date "2002.07.04"]
[Round "11"]
[White "Paronen,P"]
[Black "Karlsen,T"]
[Result "0-1"]
[WhiteElo "2224"]
[BlackElo "2121"]

1.e4 c5 2.Nf3 Nc6 3.Bb5 g6 4.Bxc6 dxc6 5.d3 Bg7 6.Nc3 e5 7.Be3 Qe7 8.h3 Nf6
9.Qd2 Nd7 10.Bh6 Bxh6 11.Qxh6 f6 12.Nd2 Nf8 13.f4 exf4 14.O-O-O Ne6 15.e5 f5
16.Nc4 Qg5 17.Nd6+ Ke7 18.Qxg5+ Nxg5 19.Rdf1 Ne6 20.Ne2 b6 21.Nxc8+ Raxc8
22.h4 Rcd8 23.Nxf4 Nxf4 24.Rxf4 Ke6 25.Re1 Rd5 26.g4 Rxe5 27.gxf5+ gxf5 28.Ref1 Rg8
29.Kd2 Rg2+ 30.R4f2 Rxf2+ 31.Rxf2 c4 32.a4 cxd3 33.cxd3 c5 34.b3 Kf6 35.Rf4 Rd5
36.Ke3 Ke5 37.Rf1 f4+ 38.Ke2 Kf5 39.Rg1 f3+ 40.Ke3 f2 41.Rf1 Kg4 42.Rxf2 Re5+
43.Kd2 Re7 44.Rh2 h5 45.Rh1 Kg3 46.a5 Rd7 47.a6 Re7 48.Rg1+ Kxh4 49.Rg8 b5
50.Rb8 Re6 51.Rxb5 Rc6 52.b4 cxb4 53.Rxb4+ Kg3 54.Ra4 h4 55.d4 h3 56.Ke3 Rc1
57.Ra2 h2 58.Rxh2 Kxh2 59.d5 Ra1 60.Kd4 Rxa6 61.Kc5 Ra1 62.d6 Rd1 63.Kc6 a5
64.Kb5 Rxd6 65.Kxa5 Rc6 66.Kb5 Rc1  0-1

[Event "30th World Open"]
[Site "Philadelphia USA"]
[Date "2002.07.04"]
[Round "6"]
[White "Rowson,J"]
[Black "Garcia,Gild"]
[Result "1-0"]
[WhiteElo "2527"]
[BlackElo "2486"]

1.e4 c5 2.Nf3 Nc6 3.Bb5 g6 4.Bxc6 dxc6 5.d3 Bg7 6.h3 Nf6 7.Nc3 Nd7 8.Be3 e5
9.Qd2 h6 10.O-O Qe7 11.a3 a5 12.Nh2 b6 13.f4 exf4 14.Bxf4 Nf8 15.Nf3 Ne6
16.Be5 f6 17.Bf4 g5 18.Bh2 O-O 19.Rae1 Ra7 20.Nd1 Qd8 21.Ne3 Rff7 22.Nf5 Nd4
23.N3xd4 cxd4 24.Nd6 Rfd7 25.Nxc8 Qxc8 26.a4 b5 27.Ra1 Qd8 28.Rf5 Rdb7 29.b3 bxa4
30.Rxa4 Rb5 31.Qf2 Rd7 32.Bg3 h5 33.Qf3 h4 34.Be1 Qc7 35.Bxa5 Qd6 36.Be1 Rd8
37.Bf2 Rb4 38.Raa5 Qe7 39.Qh5  1-0

[Event "5th Comtois Masters"]
[Site "Belfort FRA"]
[Date "2002.07.06"]
[Round "9"]
[White "Degraeve,JM"]
[Black "Tregubov,P"]
[Result "0-1"]
[WhiteElo "2595"]
[BlackElo "2627"]

1.e4 c5 2.Nf3 Nc6 3.Bb5 g6 4.Bxc6 dxc6 5.d3 Bg7 6.h3 Nf6 7.Nc3 Nd7 8.Be3 e5
9.Qd2 Qe7 10.Bh6 Qf8 11.Bxg7 Qxg7 12.Ne2 b6 13.O-O-O Ba6 14.Qc3 O-O-O 15.Nd2 Kb8
16.f4 f6 17.g3 exf4 18.gxf4 Rhe8 19.h4 Qf7 20.b3 Nf8 21.h5 Ne6 22.hxg6 hxg6
23.Nf3 Bc8 24.Qe1 Rh8 25.Qg3 Kb7 26.Rdg1 Rxh1 27.Rxh1 Rg8 28.Rg1 Rg7 29.Nh4 Nf8
30.f5 g5 31.Nf3 Rh7 32.Nc3 Qc7 33.Nd1 Qxg3 34.Rxg3 Rh1 35.Kd2 Nh7 36.Ne3 Kc7
37.Rg1 Rh5 38.Ke2 Bd7 39.Kf2 Kd8 40.Kg3 Ke7 41.a3 Nf8 42.b4 Bc8 43.bxc5 bxc5
44.Kg2 Nd7 45.Rh1 Rxh1 46.Kxh1 Nb6 47.Kg2 c4 48.d4 Bb7 49.Kg3 c5 50.d5 c3
51.Kg4 Kf7 52.Nxg5+ fxg5 53.Kxg5 Nd7 54.Ng4 Nb6 55.Ne5+ Kg7 56.f6+ Kf8 57.Kg6 Bc8
58.Nf3 Nd7 59.e5 Bb7 60.d6 Bxf3  0-1

[Event "23rd Open"]
[Site "Bled SLO"]
[Date "2002.07.06"]
[Round "5"]
[White "Nedev,T"]
[Black "Kuljasevic,D"]
[Result "1-0"]
[WhiteElo "2476"]
[BlackElo "2365"]

1.e4 c5 2.Nf3 Nc6 3.Bb5 e6 4.O-O Nge7 5.b3 a6 6.Bxc6 Nxc6 7.Bb2 b5 8.Na3 Bb7
9.c4 b4 10.Nc2 Qb6 11.Ng5 Nd4 12.Nxd4 cxd4 13.Qh5 g6 14.Qf3 f5 15.Qg3 Bd6
16.Qh4 Be7 17.Qh6 Bf8 18.Qh3 fxe4 19.Rfe1 Bg7 20.d3 h6 21.Nxe4 O-O 22.Bc1 g5
23.Ng3 Rf7 24.Nh5 Raf8 25.Re2 e5 26.Nxg7 Kxg7 27.Qg3 e4 28.dxe4 d3 29.Bb2+ Kg8
30.Qxd3 Rxf2 31.Bd4 Qxd4 32.Qxd4 Rxe2 33.Rf1 Rxf1+ 34.Kxf1 Rxe4 35.Qxd7 Rf4+
36.Kg1 Rf7 37.Qe8+ Kg7 38.c5 Rf6 39.Qe7+ Rf7 40.Qf6+  1-0

[Event "XX Open"]
[Site "Andorra la Vella AND"]
[Date "2002.07.08"]
[Round "3"]
[White "Oratovsky,M"]
[Black "Ibanez Aullana,J"]
[Result "1-0"]
[WhiteElo "2556"]
[BlackElo "2261"]

1.e4 c5 2.Nf3 Nc6 3.Bb5 Nf6 4.Nc3 g6 5.Bxc6 dxc6 6.h3 Bg7 7.d3 O-O 8.Be3 b6
9.Qd2 Re8 10.Bh6 Bh8 11.O-O-O e5 12.g4 b5 13.Qe3 Nd7 14.Rdg1 Qb6 15.Nd2 Nf8
16.h4 Be6 17.h5 c4 18.Qh3 Re7 19.Nf3 cxd3 20.Ng5 Bf6 21.Qf3 d2+ 22.Kd1 c5
23.Qxf6 Bxg4+ 24.Rxg4 Qxf6 25.Nd5 Qd6 26.Nxh7 Nxh7 27.hxg6 fxg6 28.Rxg6+ Qxg6
29.Nxe7+ Kf7 30.Nxg6 Kxg6 31.Bxd2 Nf6 32.f3 Rc8 33.Rh6+ Kg7 34.Bg5 Nh7 35.Be3 Nf6
36.Rh2 Rc7 37.Rd2 Kf7 38.Rd6 Ke7 39.Ra6 Nd7 40.b3 Kf7 41.Ke2 Ke7 42.a3 Kd8
43.Re6 Rb7 44.Bg5+ Kc7 45.Bf6 Rb6 46.Bxe5+ Kd8 47.Rxb6 axb6 48.Bg3 Ke7 49.Bc7  1-0

[Event "FSIMC July"]
[Site "Budapest HUN"]
[Date "2002.07.08"]
[Round "3"]
[White "McDonald,N"]
[Black "Mork,K"]
[Result "1-0"]
[WhiteElo "2396"]
[BlackElo "2275"]

1.e4 c5 2.Nf3 Nc6 3.Bb5 g6 4.O-O Bg7 5.Bxc6 dxc6 6.d3 e5 7.h3 Qe7 8.Nc3 Nf6
9.Be3 O-O 10.a3 Rd8 11.Nd2 Nd7 12.Nc4 Nf8 13.b4 Ne6 14.Rb1 cxb4 15.axb4 Nd4
16.b5 Be6 17.bxc6 bxc6 18.Nd2 Qc5 19.Bxd4 exd4 20.Na4 Qa5 21.Nb2 Rab8 22.Nbc4 Qc7
23.Rxb8 Rxb8 24.Qa1 Rb5 25.Rb1 Qf4 26.Rb3 Rg5 27.Qxa7 Be5 28.Nxe5 Bxh3 29.Qb8+ Kg7
30.Nef3 Rxg2+ 31.Kf1 Qg4 32.Qe5+ f6 33.Qxd4 Rg1+ 34.Ke2 Rc1 35.Rb7+ Kh6 36.Qxf6  1-0

[Event "Open"]
[Site "Oberwart AUT"]
[Date "2002.07.08"]
[Round "4"]
[White "Fucak,E"]
[Black "Hatzl,J"]
[Result "1-0"]
[WhiteElo "2317"]
[BlackElo "2112"]

1.e4 c5 2.Nf3 Nc6 3.Bb5 d6 4.c3 Bd7 5.d4 a6 6.Be2 e5 7.O-O Nf6 8.dxe5 dxe5
9.Nbd2 Qc7 10.Qc2 Be7 11.Nc4 O-O 12.Bg5 Be6 13.Bh4 Bxc4 14.Bxc4 Nh5 15.Bxe7 Nxe7
16.a4 Rad8 17.g3 Nf6 18.Rad1 h6 19.Rfe1 Ng6 20.Kg2 Qc8 21.h3 Qc6 22.Qb3 Rxd1
23.Rxd1 Qc7 24.Bd5 b6 25.Qc4 a5 26.b4 axb4 27.cxb4 Ne7 28.bxc5 bxc5 29.a5 Nexd5
30.exd5 e4 31.Nd2 Qxa5 32.Nxe4 Nxe4 33.Qxe4 Rd8 34.d6 Qa8 35.Kf3 Kf8 36.Qxa8 Rxa8
37.Ke4 Ke8 38.Kd5 Ra2 39.Re1+ Kd8 40.Kc6 Rxf2 41.Ra1  1-0

[Event "3rd Stage Russian Cup"]
[Site "Tomsk RUS"]
[Date "2002.07.08"]
[Round "1"]
[White "Usoltsev,D"]
[Black "Khasin,Al"]
[Result "0-1"]
[WhiteElo "2288"]
[BlackElo "2518"]

1.e4 c5 2.Nf3 Nc6 3.Bb5 g6 4.Bxc6 dxc6 5.d3 Bg7 6.Nc3 Bg4 7.h3 Bxf3 8.Qxf3 Nf6
9.Be3 Nd7 10.Qe2 Qb6 11.Nd1 e5 12.O-O Nf8 13.c3 a5 14.g3 O-O-O 15.b3 Ne6
16.Nb2 Qc7 17.Na4 Qd6 18.Rfd1 b5 19.Nb2 f5 20.a4 f4 21.Bd2 b4 22.Be1 h5 23.Rac1 Rhf8
24.d4 exd4 25.Qa6+ Kd7 26.cxb4 fxg3 27.fxg3 axb4 28.Nd3 Rf3 29.Kg2 Rdf8 30.Qa7+ Qc7
31.Nxc5+ Nxc5 32.Qxc5 Rxb3 33.Rc2 Rff3 34.Rxd4+ Bxd4 35.Qxd4+ Kc8 36.e5 Rfd3
37.Qc4 Qd7 38.Qa6+ Kd8 39.Qb6+ Ke8 40.Kh2 h4 41.Rg2 hxg3+ 42.Bxg3 Rxg3 43.Rxg3 Qd2+
44.Rg2 Qf4+  0-1

[Event "23rd Open"]
[Site "Bled SLO"]
[Date "2002.07.09"]
[Round "8"]
[White "Jaracz,P"]
[Black "Kurajica,B"]
[Result "1/2-1/2"]
[WhiteElo "2516"]
[BlackElo "2555"]

1.e4 c5 2.Nf3 Nc6 3.Bb5 e6 4.Bxc6 bxc6 5.d3 Ne7 6.O-O f6 7.Nh4 g6 8.f4 Bg7
9.Nf3 Qc7 10.Qe1 O-O 11.c4 Qd6 12.Qe2 Qc7 13.Qf2 d6 14.Nc3 h6 15.Qh4 Bd7
16.Be3 Rf7 17.e5 fxe5 18.fxe5 Nf5 19.Qf2 g5 20.Rad1 g4 21.Nh4 Bxe5 22.Nxf5 exf5
23.Bxh6 f4 24.Ne2 f3 25.gxf3 gxf3 26.Ng3 Kh7 27.Bd2 Re8 28.a3 Bxg3 29.hxg3 Kg6
30.Rde1 Rxe1 31.Qxe1 d5 32.Be3 Qd8 33.Bf2  1/2-1/2

[Event "23rd Open"]
[Site "Bled SLO"]
[Date "2002.07.09"]
[Round "8"]
[White "Zelcic,R"]
[Black "Nedev,T"]
[Result "1-0"]
[WhiteElo "2565"]
[BlackElo "2476"]

1.e4 c5 2.Nf3 Nc6 3.Bb5 e6 4.O-O Nge7 5.c3 a6 6.Ba4 b5 7.Bc2 Bb7 8.Re1 Rc8
9.a4 b4 10.d4 bxc3 11.d5 Nb4 12.bxc3 Nxc2 13.Qxc2 Ng6 14.Nbd2 Be7 15.Nc4 exd5
16.exd5 O-O 17.Qf5 d6 18.Ra2 Bf6 19.Bg5 Ne7 20.Bxf6 Nxf5 21.Bxd8 Bxd5 22.Ba5 Bxc4
23.Rd2 h5 24.h3 d5 25.Re5 g6 26.Rb2 Rfe8 27.Bc7 Ng7 28.Rxe8+ Nxe8 29.Bf4 Ng7
30.Ne5 Ne6 31.Be3 Rd8 32.Bd2 Rd6 33.Rb8+ Kg7 34.Rb7 Nd8 35.Rc7 Re6 36.Nxc4 dxc4
37.Rxc5 Rc6 38.Rd5 Ne6 39.Be3 f5 40.g3 Kf6 41.h4 Ke7 42.Kg2 Nc7 43.Ra5 Ne6
44.Rd5 Nc7 45.Re5+ Ne6 46.Kf3 Kd6 47.Ra5 Kc7 48.Rd5 Kc8 49.Bd4 Nc7 50.Re5 Kd7
51.Be3 Ne6 52.Rd5+ Rd6 53.Ra5 Rc6 54.Ba7 Rd6 55.Ke2 Ke7 56.Bc5 Nxc5 57.Rxc5 Rb6
58.Rxc4 Rb2+ 59.Ke3 Ra2 60.f3 Kd6 61.Kf4 Rg2 62.Rc8 Ra2 63.Rg8 Rxa4+ 64.Kg5 a5
65.Rxg6+ Ke7 66.Rc6 f4 67.gxf4 Ra1 68.f5 Rg1+ 69.Kf4 Rh1 70.f6+ Kd7 71.Rc7+ Ke8
72.Kf5 Rb1 73.c4 Rb6 74.c5 Ra6 75.c6 a4 76.Re7+ Kf8 77.c7 Ra8 78.Rd7 Ke8
79.Rd8+ Rxd8 80.f7+  1-0

[Event "FSGM July"]
[Site "Budapest HUN"]
[Date "2002.07.09"]
[Round "4"]
[White "Kristjansson,S"]
[Black "Gerzhoy,L"]
[Result "1-0"]
[WhiteElo "2428"]
[BlackElo "2366"]

1.e4 c5 2.Nf3 Nc6 3.Bb5 g6 4.Bxc6 bxc6 5.e5 Bg7 6.O-O Nh6 7.d3 O-O 8.Nbd2 Nf5
9.c3 d6 10.exd6 exd6 11.Qa4 Qb6 12.Re1 Ba6 13.g4 Nh6 14.Nc4 Bxc4 15.Qxc4 d5
16.Qa4 Rfe8 17.Bg5 f6 18.Be3 a5 19.Bxh6 Bxh6 20.Kg2 Qc7 21.h3 Bf8 22.c4 Kf7
23.Rxe8 Rxe8 24.Re1 Rxe1 25.Nxe1 Be7 26.Nf3 Bf8 27.Nd2 Qf4 28.Qxa5 h5 29.gxh5 Qg5+
30.Kf1 Qxh5 31.Qc7+ Be7 32.Ke1 Qxh3 33.Qxc6 dxc4 34.Qd5+ Kg7 35.Nxc4 Qh6
36.Kd1 Qh2 37.Ke2 Qg1 38.Qe4 Kf7 39.a4 Qc1 40.a5 Qc2+ 41.Kf3 Qa4 42.Ne5+  1-0

[Event "Jacques Lemans Open"]
[Site "St Veiter AUT"]
[Date "2002.07.10"]
[Round "5"]
[White "Ramusch,A"]
[Black "Eichert,W"]
[Result "0-1"]
[WhiteElo "2070"]
[BlackElo "2196"]

1.e4 c5 2.Nf3 Nc6 3.Bb5 g6 4.Bxc6 bxc6 5.O-O Bg7 6.Re1 e5 7.c3 Qb6 8.Na3 Ba6
9.d3 Ne7 10.Nc4 Qc7 11.Qa4 Bb5 12.Qc2 O-O 13.Na3 Rab8 14.Be3 d6 15.Nxb5 cxb5
16.a4 b4 17.Nd2 f5 18.f3 Kh8 19.Rec1 Rb7 20.Qd1 Qd7 21.Bf2 Nc6 22.Nc4 Bh6
23.Rc2 Rfb8 24.d4 bxc3 25.bxc3 exd4 26.g3 d5 27.exd5 Qxd5 28.cxd4 cxd4 29.f4 Bg7
30.Rcc1 Rb4 31.Nd2 d3 32.Rab1 a5 33.Rc5 Rxb1 34.Nxb1 Qd6 35.Nc3 Nb4 36.Nb5 Qe7
37.Qb3 d2 38.Re5 Bxe5 39.fxe5 Rc8  0-1

[Event "3rd Stage Russian Cup"]
[Site "Tomsk RUS"]
[Date "2002.07.10"]
[Round "3"]
[White "Grachev,J"]
[Black "Khasin,Al"]
[Result "1/2-1/2"]
[WhiteElo "2398"]
[BlackElo "2518"]

1.e4 c5 2.Nf3 Nc6 3.Bb5 g6 4.Bxc6 dxc6 5.d3 Bg7 6.h3 Nf6 7.Nc3 Nd7 8.Be3 e5
9.Qd2 Qe7 10.Bh6 Bxh6 11.Qxh6 f6 12.Nd2 Nf8 13.f4 exf4 14.Qxf4 Ne6 15.Qf2 O-O
16.O-O-O a5 17.Rde1 b5 18.Rhf1 Bb7 19.g4 b4 20.Na4 Ba6 21.Nb6 Rad8 22.Qe3 Nd4
23.Nbc4 Bxc4 24.Nxc4 a4 25.Qg3 b3 26.axb3 axb3  1/2-1/2

[Event "3rd Stage Russian Cup"]
[Site "Tomsk RUS"]
[Date "2002.07.10"]
[Round "3"]
[White "Saveljev,V"]
[Black "Ovetchkin,R"]
[Result "1/2-1/2"]
[WhiteElo "2265"]
[BlackElo "2557"]

1.e4 c5 2.Nf3 Nc6 3.Bb5 g6 4.O-O Bg7 5.c3 Nf6 6.e5 Nd5 7.d4 cxd4 8.cxd4 O-O
9.Nc3 Nc7 10.Bf4 d5 11.exd6 exd6 12.h3 Ne6 13.Be3 d5 14.Qd2 Ne7 15.Bh6 Bxh6
16.Qxh6 Nf5 17.Qd2 Bd7 18.Bxd7 Qxd7 19.Rfe1 Qd6 20.g4 Ne7 21.Re5 f6 22.Re3 Nc6
23.Rae1 Rae8 24.Qd1 a6 25.Kh1 Na5 26.b3 Nc6 27.Na4 Kf7 28.Qd2 Qb4 29.Qxb4 Nxb4
30.R1e2 Nf4 31.Rxe8 Rxe8 32.Rxe8 Kxe8 33.a3 Nc2 34.Nc5 Nxh3 35.Kg2 Nf4+ 36.Kf1 b6
37.Nxa6 Nxa3 38.Ke1 Nd3+ 39.Ke2 Nc1+ 40.Ke3 Nxb3 41.Nc7+ Kf7 42.Nxd5 b5 43.g5 Nc2+
44.Kd3 Ncxd4 45.Nxd4 Nxd4 46.Nxf6 Ne6 47.Nxh7 Kg7 48.Nf6 Nxg5 49.Ng4 Ne6
50.Kc3 g5 51.Kb4 Nc7 52.f3 Kg6 53.Nf2 Kf5 54.Nh3 Kg6 55.Nf2 Ne6 56.Ne4 Nd4
57.Kc5 Nxf3 58.Nxg5  1/2-1/2

[Event "XX Open"]
[Site "Andorra la Vella AND"]
[Date "2002.07.11"]
[Round "6"]
[White "Delchev,A"]
[Black "Gonzalez de la Torre,S"]
[Result "0-1"]
[WhiteElo "2557"]
[BlackElo "2420"]

1.e4 c5 2.Nf3 Nc6 3.Bb5 g6 4.Bxc6 dxc6 5.d3 f6 6.e5 Bg4 7.Nc3 Nh6 8.Qe2 f5
9.e6 Bg7 10.Bf4 Bxf3 11.Qxf3 Ng4 12.O-O O-O 13.Rad1 Nf6 14.Na4 Qd5 15.Qe3 Nh5
16.c4 Qd4 17.Bg5 b6 18.Qxd4 Bxd4 19.Rfe1 Rfe8 20.a3 Kg7 21.b4 f4 22.Re4 h6
23.bxc5 bxc5 24.Bxf4 Nxf4 25.Rxf4 Rf8 26.Rxd4 cxd4 27.Nc5 Rfb8 28.h4 Rb2
29.Nd7 Ra2 30.Re1 Rxa3 31.Re4 Ra1+ 32.Kh2 a5 33.Rf4 Re8 34.Rxd4 Re1 35.Nc5 Re5
36.Na6 Rc8 37.Rd7 Rxe6 38.Nc5 Re2 39.Ne4 Kf8 40.Ra7 Ra2 41.h5 gxh5 42.f4 Rb8
43.f5 Rbb2 44.Kg3 Rxg2+ 45.Kf4 h4 46.Ke5 Rae2 47.f6 h3 48.fxe7+ Kf7 49.Rxa5 Rg5+  0-1

[Event "3rd Stage Russian Cup"]
[Site "Tomsk RUS"]
[Date "2002.07.11"]
[Round "4"]
[White "Ovetchkin,R"]
[Black "Maletin,P"]
[Result "1-0"]
[WhiteElo "2557"]
[BlackElo "2344"]

1.e4 c5 2.Nf3 Nc6 3.Bb5 g6 4.O-O Bg7 5.c3 a6 6.Bxc6 dxc6 7.d3 Nf6 8.h3 O-O
9.Qc2 b6 10.Rd1 Bb7 11.Be3 Qc7 12.Nbd2 Nh5 13.d4 cxd4 14.cxd4 Nf4 15.Qb3 b5
16.Qc2 Rad8 17.Nb3 Ne6 18.Rac1 Rd7 19.Qe2 Qd8 20.a3 Re8 21.Qe1 Ba8 22.Bd2 Qb8
23.Qe3 Qa7 24.Bb4 Bb7 25.h4 Red8 26.e5 c5 27.Bxc5 Nxc5 28.Rxc5 Bd5 29.Rdc1 a5
30.Rxb5 a4 31.Nfd2 Qa6 32.Rb4 e6 33.Ne4 Bxe4 34.Qxe4 Rc8 35.Rxc8+ Qxc8 36.Rxa4 Qc1+
37.Kh2 Bh6 38.Rb4 Rc7 39.d5 exd5 40.Qxd5  1-0

[Event "2nd China-USA Summit"]
[Site "Shanghai CHN"]
[Date "2002.07.12"]
[Round "2"]
[White "Zhang Zhong"]
[Black "Gulko,B"]
[Result "1-0"]
[WhiteElo "2637"]
[BlackElo "2597"]

1.e4 c5 2.Nf3 Nc6 3.Bb5 e6 4.O-O Nge7 5.Re1 a6 6.Bxc6 bxc6 7.b3 Ng6 8.Ba3 Be7
9.c3 O-O 10.d4 cxd4 11.cxd4 Bxa3 12.Nxa3 a5 13.Nb1 d6 14.Nc3 e5 15.dxe5 dxe5
16.Qxd8 Rxd8 17.Rec1 Bg4 18.Ne1 Nf4 19.Rc2 Rd6 20.f3 Be6 21.Kf2 Rad8 22.Rac1 f5
23.Ke3 Kf7 24.Na4 fxe4 25.fxe4 Nd3 26.Nxd3 Rxd3+ 27.Kf2 Rd2+ 28.Ke1 Rxc2
29.Rxc2 Rd4 30.Nc5 Bc8 31.Rd2 Ke7 32.Rxd4 exd4 33.e5 g5 34.Kd2 Bf5 35.g3 h6
36.a4 Kf7 37.b4 axb4 38.a5 Bc8 39.Kd3 Kg6 40.Kxd4 Kf5 41.g4+  1-0

[Event "Jacques Lemans Open"]
[Site "St Veiter AUT"]
[Date "2002.07.12"]
[Round "7"]
[White "Wegener,D"]
[Black "Seifert,V"]
[Result "1/2-1/2"]
[WhiteElo "2312"]
[BlackElo "2305"]

1.e4 c5 2.Nf3 Nc6 3.Bb5 g6 4.O-O Bg7 5.c3 Nf6 6.Re1 O-O 7.d4 cxd4 8.cxd4 d5
9.e5 Ne8 10.h3 Nc7 11.Bf1 Bf5  1/2-1/2

[Event "FSIMB July"]
[Site "Budapest HUN"]
[Date "2002.07.13"]
[Round "8"]
[White "Pedersen,C"]
[Black "Philippe,C"]
[Result "1-0"]
[WhiteElo "2258"]
[BlackElo "2316"]

1.e4 c5 2.Nf3 Nc6 3.Bb5 g6 4.O-O Bg7 5.Bxc6 dxc6 6.d3 Nf6 7.h3 O-O 8.Nc3 Nd7
9.Be3 e5 10.Qd2 Re8 11.Bh6 Bh8 12.Nh2 Nf8 13.Ng4 Ne6 14.f4 exf4 15.Bxf4 Bd4+
16.Be3 Rf8 17.Kh1 Bxe3 18.Qxe3 f6 19.e5 f5 20.Nf6+ Kg7 21.Ne2 Nd4 22.Rac1 Nxe2
23.Qxe2 Be6 24.c3 Qe7 25.Rce1 Rad8 26.Rf4 Kh8 27.Rh4 Rf7 28.Qe3 Rg7 29.Qg5 Bg8
30.Re3 Rf8 31.a3 Qe6 32.Kh2 Rff7 33.b4 cxb4 34.axb4 Re7 35.Rd4 Qc8 36.c4 Qc7
37.Qf4 Be6 38.h4 Bg8 39.Rd6 a5 40.bxa5 Qxa5 41.e6 Qc3 42.Qe5 Qxe5+ 43.Rxe5 g5
44.h5 g4 45.Kg3 h6 46.d4 Rg5 47.Rd8 Kg7 48.Nxg8  1-0

[Event "1st Open"]
[Site "Condom FRA"]
[Date "2002.07.14"]
[Round "2"]
[White "Todorov,T"]
[Black "Lemeaux,D"]
[Result "1-0"]
[WhiteElo "2455"]
[BlackElo "2167"]

1.e4 c5 2.Nf3 Nc6 3.Bb5 e6 4.O-O Nge7 5.b3 a6 6.Bxc6 Nxc6 7.Bb2 d6 8.d4 cxd4
9.Nxd4 e5 10.Nxc6 bxc6 11.c4 Qg5 12.Nc3 Be7 13.Qe2 O-O 14.Rad1 f5 15.c5 f4
16.cxd6 f3 17.Qc4+ Kh8 18.g3 Bd8 19.d7 Bb7 20.Qb4 Be7 21.Qxb7 Qg4 22.Kh1 Qh3
23.Rg1 Rad8 24.Qc7 Rf6 25.Bc1 Re6 26.g4 g5 27.Rg3 Qh4 28.Rxf3 Qxg4 29.Rg3 Qh5
30.Rdg1 Rh6 31.R1g2 Rd6 32.Bxg5 R8xd7 33.Bf6+  1-0

[Event "2nd China-USA Summit"]
[Site "Shanghai CHN"]
[Date "2002.07.15"]
[Round "4"]
[White "Zhang Zhong"]
[Black "Gulko,B"]
[Result "1/2-1/2"]
[WhiteElo "2637"]
[BlackElo "2597"]

1.e4 c5 2.Nf3 Nc6 3.Bb5 e6 4.O-O Nge7 5.Re1 Nd4 6.Nxd4 cxd4 7.c3 a6 8.Ba4 Nc6
9.d3 b5 10.Bb3 Bc5 11.Qg4 Qf6 12.Qe2 d6 13.c4 O-O 14.Nd2 Bb7 15.cxb5 axb5
16.Nf3 Na5 17.Bc2 e5 18.Bd2 b4 19.a3 Nc6 20.axb4 Nxb4 21.Bb3 h6 22.Rec1 Qe7
23.Bc4 Rfb8 24.Rxa8 Bxa8 25.g3 Nc6 26.b3 Bb4 27.Nh4 Bxd2 28.Qxd2 Nb4 29.Ra1 d5
30.exd5 Bxd5 31.Ra5 Bxc4 32.bxc4 Qc7  1/2-1/2

[Event "3rd Stage Russian Cup"]
[Site "Tomsk RUS"]
[Date "2002.07.15"]
[Round "8"]
[White "Nebolsina,V"]
[Black "Nigametzianov,M"]
[Result "0-1"]
[WhiteElo "2038"]
[BlackElo "2254"]

1.e4 c5 2.Nf3 Nc6 3.Bb5 g6 4.O-O Bg7 5.c3 e5 6.d3 Nge7 7.Be3 d6 8.d4 cxd4
9.cxd4 O-O 10.Nc3 Bg4 11.d5 Nd4 12.Bxd4 exd4 13.Ne2 f5 14.Nfxd4 fxe4 15.Qd2 Qb6
16.Bc4 Bxe2 17.Nxe2 Rxf2 18.Rxf2 e3 19.Qe1 exf2+ 20.Qxf2 Qxb2 21.Rf1 Nf5
22.Bd3 Qxa2 23.Qf4 Rf8 24.Qe4 Qd2 25.Qe6+ Kh8 26.Bxf5 gxf5 27.Ng3 f4 28.Nf5 Bd4+
29.Nxd4 Qxd4+ 30.Kh1 Qf6 31.Qd7 Rf7 32.Qc8+ Kg7 33.h3 a5 34.Rb1 Qe7 35.Qg4+ Kh8
36.Kh2 Qd7 37.Qxd7 Rxd7 38.Rb5 a4 39.Ra5 b5 40.Rxb5 Ra7 41.Kg1 a3 42.Rb1 a2
43.Ra1 Kg7  0-1

[Event "3rd Stage Russian Cup"]
[Site "Tomsk RUS"]
[Date "2002.07.15"]
[Round "8"]
[White "Frolov,D"]
[Black "Pridorozhni,A"]
[Result "1-0"]
[WhiteElo "2459"]
[BlackElo "2453"]

1.e4 c5 2.Nf3 Nc6 3.Bb5 d6 4.O-O Bd7 5.Re1 e6 6.c3 a6 7.Bf1 e5 8.d4 Bg4 9.d5 Nb8
10.h3 Bh5 11.a4 Be7 12.a5 Nd7 13.Nbd2 Ngf6 14.Qb3 Rb8 15.Nh4 Bg6 16.Nxg6 fxg6
17.Nc4 O-O 18.Qd1 Ne8 19.Qg4 Ndf6 20.Qe2 Nh5 21.g3 Bg5 22.Bxg5 Qxg5 23.Qg4 Qd8
24.h4 Nhf6 25.Qe6+ Rf7 26.Ra3 Nd7 27.Bh3 Nf8 28.Qg4 Nc7 29.Raa1 Ne8 30.Rf1 Qe7
31.Rae1 Nf6 32.Qe2 Re8 33.Rd1 h6 34.Rd3 Kh8 35.Be6 Nxe6 36.dxe6 Qxe6 37.Nxd6 Ref8
38.Nxf7+ Rxf7 39.f3 Qa2 40.Rd8+ Kh7 41.Rfd1 Qxa5 42.Qc4 Qc7 43.Qe6 Re7 44.Qc8 Qxc8
45.Rxc8 g5 46.hxg5 hxg5 47.g4 Kg6 48.Rxc5 Kf7 49.Rd6 Ne8 50.Rb6 g6 51.Kf2 Ng7
52.Rc8 Ne6 53.Rb8 Nc5 54.Rh8 Ne6 55.b4 Rd7 56.Rh7+ Ng7 57.Rh6 Ne6 58.Rxe6 Kxe6
59.Rxg6+ Kf7 60.Rxg5 Rd3 61.Rxe5 Rxc3 62.Rc5 Rb3 63.Rc7+ Ke8 64.Rxb7 a5 65.b5 a4
66.Ra7 a3 67.Kg3  1-0